| 000 | 00464pab a2200169 454500 | ||
|---|---|---|---|
| 008 | 180718b1972 xxu||||| |||| 00| 0 eng d | ||
| 100 | _aVohra, B.B. | ||
| 245 | _aHuman environment in India: Some suggestions for an action programme | ||
| 260 | _c1972 | ||
| 300 | _ap.186-199. | ||
| 362 | _aApr-Jun | ||
| 650 | _aHuman environment - India | ||
| 650 | _aHuman environment | ||
| 773 | _aIndian Journal of Public Administration | ||
| 908 | _aN | ||
| 909 | _a99952 | ||
| 999 |
_c99951 _d99951 |
||